000
00324nam a22001457a 4500
008
231012b ||||| |||| 00| 0 eng d
020
_a
9780691050348
041
_a
eng
080
_a
521
082
_a
521PHI
100
_a
19
101
_a
ASTRO
245
_a
IS THE TEMPERATURE RISING
_c
PHILANDER.G.S
942
_2
udc
_c
BK
999
_c
60445
_d
60445